Memoria anual (Registro nro. 8749)

Detalles MARC
000 -LEADER
fixed length control field 00769nas a2200253 454500
001 - CONTROL NUMBER
control field 34268
005 - DATE AND TIME OF LATEST TRANSACTION
control field 20260407193509.0
008 - FIXED-LENGTH DATA ELEMENTS--GENERAL INFORMATION
fixed length control field 260407s1985####ag###########|||spa#d
003 - CONTROL NUMBER IDENTIFIER
control field AR-UNSa-BCEJYS
040 ## - CATALOGING SOURCE
Original cataloging agency AR-UNSa-BCEJYS
Language of cataloging spa
Transcribing agency AR-UNSa-BCEJYS
080 ## - UNIVERSAL DECIMAL CLASSIFICATION NUMBER
Universal Decimal Classification number 336.71
Common auxiliary subdivision Bancos. Sistema bancario
022 ## - INTERNATIONAL STANDARD SERIAL NUMBER
International Standard Serial Number 0326-7008
041 ## - LANGUAGE CODE
Language code of text/sound track or separate title spa
100 1# - MAIN ENTRY--PERSONAL NAME
Personal name Asociación de Bancos Argentinos (ADEBA)
245 10 - TITLE STATEMENT
Title Memoria anual
264 #1 - PRODUCTION, PUBLICATION, DISTRIBUTION, MANUFACTURE, AND COPYRIGHT NOTICE
Place of production, publication, distribution, manufacture Buenos Aires :
Name of producer, publisher, distributor, manufacturer ADEBA
Date of production, publication, distribution, manufacture, or copyright notice 1985
310 ## - CURRENT PUBLICATION FREQUENCY
Current publication frequency Frecuencia: Anual
590 ## - LOCAL NOTE (RLIN)
Local note niveau_biblio:s niveau_hierar:1
650 ## - SUBJECT ADDED ENTRY--TOPICAL TERM
Topical term or geographic name entry element BANCOS
650 ## - SUBJECT ADDED ENTRY--TOPICAL TERM
Topical term or geographic name entry element FINANCIAMIENTO
650 ## - SUBJECT ADDED ENTRY--TOPICAL TERM
Topical term or geographic name entry element OPERACIONES BANCARIAS
856 41 - ELECTRONIC LOCATION AND ACCESS
Uniform Resource Identifier <a href="https://biblioeco.unsa.edu.ar/pmb/images/revistas/ADEBA_memoriaAnual.jpg">https://biblioeco.unsa.edu.ar/pmb/images/revistas/ADEBA_memoriaAnual.jpg</a>
Link text Imagen de portada
Electronic format type image/jpeg
942 ## - ADDED ENTRY ELEMENTS (KOHA)
Koha item type
Existencias
Withdrawn status Lost status Damaged status Not for loan Home library Current library Shelving location Date acquired Serial enumeration / chronology Total checkouts Full call number Barcode Date last seen Price effective from Koha item type
        Biblioteca Prof. Eusebio Cleto del Rey Biblioteca Prof. Eusebio Cleto del Rey   06/12/1997 Nº 25 - dic. 1997   H336.71 ANU 25 R17363 10/04/2026 10/04/2026 Numero
        Biblioteca Prof. Eusebio Cleto del Rey Biblioteca Prof. Eusebio Cleto del Rey   06/12/1996 Nº 24 - dic. 1996   H336.71 ANU 24 R17427 10/04/2026 10/04/2026 Numero
        Biblioteca Prof. Eusebio Cleto del Rey Biblioteca Prof. Eusebio Cleto del Rey   05/12/1995 Nº 23 - dic. 1995   H336.71 ANU 23 R17426 10/04/2026 10/04/2026 Numero
        Biblioteca Prof. Eusebio Cleto del Rey Biblioteca Prof. Eusebio Cleto del Rey   04/12/1992 Nº 20 - dic. 1992   H336.71 ANU 20 R17425 10/04/2026 10/04/2026 Numero
        Biblioteca Prof. Eusebio Cleto del Rey Biblioteca Prof. Eusebio Cleto del Rey   02/12/1991 Nº 19 - dic. 1991   H336.71 ANU 19 R17424 10/04/2026 10/04/2026 Numero
        Biblioteca Prof. Eusebio Cleto del Rey Biblioteca Prof. Eusebio Cleto del Rey   01/12/1990 Nº 18 - dic. 1990   H336.71 ANU 18 R17423 10/04/2026 10/04/2026 Numero
        Biblioteca Prof. Eusebio Cleto del Rey Biblioteca Prof. Eusebio Cleto del Rey   01/12/1989 Nº 17 - dic. 1989   H336.71 ANU 17 R17422 10/04/2026 10/04/2026 Numero
        Biblioteca Prof. Eusebio Cleto del Rey Biblioteca Prof. Eusebio Cleto del Rey   01/12/1987 Nº 15 - dic. 1987   H336.71 ANU 15 R17421 10/04/2026 10/04/2026 Numero
        Biblioteca Prof. Eusebio Cleto del Rey Biblioteca Prof. Eusebio Cleto del Rey   01/12/1986 Nº 14 - dic. 1986   H336.71 ANU 14 R17420 10/04/2026 10/04/2026 Numero
        Biblioteca Prof. Eusebio Cleto del Rey Biblioteca Prof. Eusebio Cleto del Rey   01/12/1985 Nº 13 - dic. 1985   H336.71 ANU 13 R17419 10/04/2026 10/04/2026 Numero